Normal view
MARC view
- الجبوري، احمد اسماعيل؛ م.مشارك اياد علي الهاشمي
Entry Personal Name
001 - CONTROL NUMBER
- control field: 60192
003 - CONTROL NUMBER IDENTIFIER
- control field: JO-AjAnu
005 - DATE AND TIME OF LATEST TRANSACTION
- control field: 20230606083835.0
008 - FIXED-LENGTH DATA ELEMENTS
- fixed length control field: 230606|| aca||aabn | a|a d
040 ## - CATALOGING SOURCE
- Original cataloging agency: JO-AjAnu
- Transcribing agency: JO-AjAnu
100 ## - HEADING--PERSONAL NAME
- Personal name: الجبوري، احمد اسماعيل؛ م.مشارك اياد علي الهاشمي
670 ## - SOURCE DATA FOUND
- Source citation: Work cat.: (JO-AjAnu)30697: الجبوري، احمد اسماعيل؛ م.مشارك اياد علي الهاشمي, author, التاريخ الدبلوماسي=Diplomatic History